Didaktická aplikácia na výpočet Jordanovho tvaru štvorcovej matice

Gespeichert in:
Bibliographische Detailangaben
1. Verfasser: Stasová, Katarína (Verfasst von)
Weitere Verfasser: Zajac, Michal (Betreuung Doktorarbeit)
Format: Manuskript Buch
Sprache:Slowakisch
Veröffentlicht: Bratislava : STU v Bratislave FEI, 2021
Schlagworte:
Online-Zugang:https://opac.crzp.sk/?fn=detailBiblioForm&sid=38F43C5054BC4F7F2ABCC7F31F28&seo=CRZP-detail-kniha
Tags: Tag hinzufügen
Keine Tags, Fügen Sie das erste Tag hinzu!

MARC

LEADER 00000ntm a22000003a 4500
001 stuzp82579
003 SK-STU
005 20220221104015.0
007 ta
008 150427s2015----xo-----f-mn---000-0-slo-d
040 |a STU  |b slo 
041 0 |a slo 
044 |a xo 
100 1 |a Stasová, Katarína  |u 035000  |4 aut  |U FEI Fakulta elektrotechniky a informatiky  |T FEI Ústav informatiky a matematiky  |X 97938  |U E050  |Y 816  |7 97938 
242 0 1 |a Didactic application for the calculation of the Jordan form of a square matrix  |y eng 
245 1 0 |a Didaktická aplikácia na výpočet Jordanovho tvaru štvorcovej matice 
260 |a Bratislava :  |b STU v Bratislave FEI,  |c 2021 
300 |a 60 s., príl. 
650 4 |a vlastné čísla  |2 slo 
650 4 |a Jordanov tvar  |2 slo 
650 4 |a vlastné vektory  |2 slo 
650 4 |a Jordan form  |2 eng 
650 4 |a eigenvalues  |2 eng 
650 4 |a eigenvectors  |2 eng 
700 1 |a Zajac, Michal  |u 035000  |k Z1  |4 ths  |U FEI Fakulta elektrotechniky a informatiky  |T FEI Ústav informatiky a matematiky  |X 2167  |U E050  |Y 816  |7 A000002167 
856 4 |u https://opac.crzp.sk/?fn=detailBiblioForm&sid=38F43C5054BC4F7F2ABCC7F31F28&seo=CRZP-detail-kniha